| Поле | Инд. | ПП | Название | Значение |
|---|---|---|---|---|
| Тип записи | a | |||
| Библиографический уровень | b | |||
| 001 | Контрольный номер | RU/IS/BASE/148578212 | ||
| 005 | Дата корректировки | 20200608194413.0 | ||
| 084 | a | Индекс другой классификации/Индекс ББК | 66.1(0)-18; 66.1(2)6-18 | |
| 100 | 1_ | a | Автор | Макаренко В. П. |
| 245 | a | Заглавие | Либеральная парадигма: от ночного сторожа к ограниченному суверенитету | |
| 504 | a | Библиография | Библиогр. ссылки. - Примеч. | |
| 650 | a | Основная рубрика | история политических учений | |
| a | Основная рубрика | политика | ||
| 653 | a | Ключевые слова | абсолютная власть | |
| a | Ключевые слова | внешняя политика | ||
| a | Ключевые слова | классический либерализм | ||
| a | Ключевые слова | либерализм | ||
| a | Ключевые слова | либеральная идеология | ||
| a | Ключевые слова | либеральная политическая теория | ||
| a | Ключевые слова | либеральная социальная теория | ||
| a | Ключевые слова | либеральные ценности | ||
| a | Ключевые слова | либертинизм | ||
| a | Ключевые слова | национал-консерватизм | ||
| a | Ключевые слова | национал-либерализм | ||
| a | Ключевые слова | национальные интересы | ||
| a | Ключевые слова | политическая идеология | ||
| a | Ключевые слова | политические течения | ||
| a | Ключевые слова | религиозная толерантность | ||
| a | Ключевые слова | Россия | ||
| a | Ключевые слова | свобода личности | ||
| a | Ключевые слова | толерантность | ||
| 773 | t | Заглавие источника | Вестник Московского университета. Серия 18, Социология и политология | |
| d | Дата издания источника | 2002 | ||
| g | Прочая информация | № 4. - С. 27 - 60 | ||
| w | Контрольный № источника | RU/IS/BASE/148578004 | ||
| 901 | t | Тип документа | b |